काँग्रसला सावरकर नकोत कारण..... ( क.क्र.26/4 ) (Record no. 438942)

MARC details
000 -LEADER
fixed length control field 00634nam a2200145Ia 4500
008 - FIXED-LENGTH DATA ELEMENTS--GENERAL INFORMATION
fixed length control field 100122s9999 xx 000 0 und d
082 ## - DEWEY DECIMAL CLASSIFICATION NUMBER
Item number 66356
Classification number 81
100 ## - MAIN ENTRY--PERSONAL NAME
Personal name कुळकर्णी अरविंद
245 ## - TITLE STATEMENT
Title काँग्रसला सावरकर नकोत कारण..... ( क.क्र.26/4 )
260 ## - PUBLICATION, DISTRIBUTION, ETC. (IMPRINT)
Name of publisher, distributor, etc कुंडलिनी
Date of publication, distribution, etc 2004
300 ## - PHYSICAL DESCRIPTION
Extent 36
630 ## - SUBJECT ADDED ENTRY--UNIFORM TITLE
Uniform title काँग्रसला सावरकर नकोत कारण..... ( क.क्र.26/4 )
730 ## - ADDED ENTRY--UNIFORM TITLE
Uniform title काँग्रसला सावरकर नकोत कारण..... ( क.क्र.26/4 )
942 ## - ADDED ENTRY ELEMENTS (KOHA)
Koha item type Book
Holdings
Withdrawn status Lost status Damaged status Not for loan Home library Current library Date acquired Cost, normal purchase price Total Checkouts Full call number Barcode Date last seen Cost, replacement price Price effective from Koha item type Public note
        S.V. Pathak Library, Vile Parle S.V. Pathak Library, Vile Parle 12/04/2004 10.00   66356 SVPPARLE-66356 01/25/2010 10.00 01/25/2010 Book General NA